000 00521nam a2200181Ia 4500
999 _c14712
_d14712
003 OSt
005 20201016130229.0
008 190216s9999||||xx |||||||||||||| ||und||
020 _a9780199698714
040 _coclc
082 _a398.4109410
_bLUC/M
100 _aLuckhurst, Roger
_95809
245 4 _aThe Mummy`s Curse /
_cRoger Luckhurst
260 _bOxford University Press,
_c2012.
_aUK:
300 _a321p
650 _aEnglish
942 _cBK
_2ddc
_h398.4109410
_iLUC/M
_k398.4109410
_mLUC/M